Z histórie topolčianskej zvernice

Bibliographic Details
Main Author: Čikovský, Ladislav, 1931- (Author)
Format: Article
Language:Slovak
PhysicalDescription:Obr. 1.
Subjects:

MARC

LEADER 00000nab a2200000 a 4500
001 vtls000243956
003 SK-MaSNL
005 20260304172353.0
008 250526c1986 xo 0 slo
015 |a SNBRB19rr/mm-uuuuu 
035 |a CL0254070 
035 |a urn:nbn:sk:snk-ab2cpo 
035 |a (urnnbn)urn:nbn:sk:snk:ar-a025j8 
035 |a (uuid)e70fe53d-ae18-4640-9168-c3f7d041d769 
040 |a SNKBUCL  |b slo  |c SNKBUCL  |e AACR2 
041 0 |a slo 
044 |a xo  |c SK 
080 |a 639.1.04  |2 1981 
100 1 |a Čikovský, Ladislav,  |d 1931-  |4 aut  |9 39006 
245 1 0 |a Z histórie topolčianskej zvernice  |c Ladislav Čikovský 
300 |b Obr. 1. 
650 0 7 |a zvernica, Topoľčianky  |2 snkbucl  |9 1362554 
655 7 |a články z novín a časopisov  |2 snkbucl  |9 267496 
773 0 |t Les  |g Roč. 42, č. 4 (1986), s. 180-181 
850 |a Slovenská národná knižnica 
852 |a Slovenská národná knižnica 
954 |a odborná, vedecká literatúra pôvodná (slovenská)  |2 lita 
957 |a 5206 
958 |a ONDV 
958 |a article2022 
958 |a RK 
992 |a RBX 
999 |c 2998043  |d 2999973